Sports Quiz

Random Sports or NHL Quiz

Humongous NHL Trivia Quiz Stats

 Plays Quiz not verified by Sporcle

Support Sporcle.
Go Orange.
Score 0/100 Timer 20:00
0 Plays Today
Question Answer % Correct
Who is the NHL's all-time scoring leader?Wayne Gretzky
69.4%
Who is the tallest player in NHL history?Zdeno Chara
68%
Who holds the All-Star Game hardest shot record?Zdeno Chara
65.6%
Who is the only defenseman to win the Art Ross trophy?Bobby Orr
62.5%
Which Hall of Fame goaltender was nicknamed 'The Eagle'?Ed Belfour
60.6%
Which player has the record for goals by a rookie?Teemu Selanne
60.1%
Which NHLer is famously married to Carrie Underwood?Mike Fisher
59.8%
Which coach has the most all-time wins?Scotty Bowman
58%
Who is the all-time leading American scorer?Mike Modano
57.8%
Who are the only father/son team to win the Hart trophy? (last name)Bobby and Brett Hull
56.9%
Who holds the Carolina Hurricanes/Hartford Whalers scoring record?Ron Francis
56.8%
Which deceased NHLer opened a famous chain of restaurants?Tim Horton
54.6%
Who was the first player to score 50 goals in 50 games?Maurice Richard
54.6%
Who holds the NHL's games played record?Gordie Howe
53.7%
Who was the first expansion team to win the Stanley Cup?Philadelphia Flyers
53.1%
Who is the single-season goal scoring leader of the Florida Panthers?Pavel Bure
52.7%
Which goaltender has the most consecutive Hart trophies?Dominik Hasek
52.2%
Who holds the games played record for the Vancouver Canucks?Trevor Linden
52.1%
Who is the NHL's all-time leading scorer among defensemen?Ray Bourque
52%
Who is the only player to captain two different teams to a Stanley Cup?Mark Messier
51.3%
Who is the highest scoring Swedish player in history?Mats Sundin
50.8%
Who has scored 80 goals in a season, other than Lemieux and Gretzky?Brett Hull
50.8%
Which player has the most Cup rings as a player, with 11?Henri Richard
50.1%
Who is credited with inventing the modern goalie mask?Jacques Plante
48.6%
Who was the first Russian to win the Hart trophy?Sergei Fedorov
48.3%
Who was the goaltender for the Pittsburgh Penguins' first ever Stanley Cup?Tom Barrasso
48.3%
Who is the longest serving captain in league history?Steve Yzerman
48.2%
Which player nicknamed Terrible Ted is credited with forming the first players' union?Ted Lindsay
47.9%
Which team won the highest consecutive amount of playoff series?New York Islanders
47.3%
Who holds the record for most points in one game, with ten?Darryl Sittler
46.8%
Who was the last NHLer to play without a helmet?Craig MacTavish
46.6%
Which former Canadiens defenseman was nicknamed 'Big Bird'?Larry Robinson
46.1%
Who was the first Swedish player to win the Conn Smythe?Nicklas Lidstrom
44.2%
Who leads the NHL in all-time penalty minutes?Tiger Williams
43.5%
Question Answer % Correct
Which Cup champion was paralyzed in a limousine accident?Vladimir Konstantinov
43%
Who is the only defenseman to lead a franchise in all-time scoring?Ray Bourque
42.5%
Who is the original Winnipeg Jets' all-time leading scorer?Dale Hawerchuk
41.4%
Who has the most consecutive 50 goal seasons?Mike Bossy
41.1%
Who was the first Russian to win the Selke trophy?Sergei Fedorov
40.4%
Which former goaltender wrote the landmark book, The Game?Ken Dryden
40.1%
Who holds the record for most Conn Smythe trophies with 3?Patrick Roy
39.8%
Who was the first player to score 70 goals in a season?Phil Esposito
39.8%
Who was the first Swedish Hall of Famer?Borje Salming
39.7%
Which goaltender famously had his throat cut by the skate of Steve Tuttle?Clint Malarchuk
39.2%
Which Philadelphia Flyer won two consecutive Conn Smythe trophies?Bernie Parent
38.8%
Which female player famously played an exhibition game with the Tampa Bay Lightning?Manon Rheaume
37.8%
Which former NHLer is now a Canadian politician and was once a member of parliament?Ken Dryden
37.7%
Which NHLer had a role in the movie Dumb and Dumber?Cam Neely
36.8%
Who was the first black NHLer?Willie O'Ree
36.7%
Who was the owner that traded Wayne Gretzky to LA?Peter Pocklington
35.4%
Who was the Buffalo Sabres' first ever draft pick?Gilbert Perreault
33.3%
Which goalie has the most career wins without a Stanley Cup?Curtis Joseph
32.1%
Who is the St. Louis Blues' all-time leading scorer?Bernie Federko
31.6%
Which famous MLB pitcher was drafted by the Los Angeles Kings?Tom Glavine
31.4%
Which player has been traded for Chris Pronger twice?Joffrey Lupul
31.4%
Which team in Pittsburgh preceded the Penguins?Pittsburgh Pirates
30%
Who is credited with popularizing the slapshot?Bernie Geoffrion
28.7%
Who has the most points without a Stanley Cup?Marcel Dionne
28.7%
Who holds the All-Star Game fastest skater record?Mike Gartner
28.1%
Who was the oldest player to win the Calder trophy?Sergei Makarov
28%
Who was the first Finnish player to win the Selke?Jere Lehtinen
27.7%
Which goaltender has the highest career winning percentage?Ken Dryden
27.1%
Who is the highest scoring German-born player in NHL history?Dany Heatley
26.6%
Who has played for the most NHL teams, with 12?Mike Sillinger
26.2%
Which player died in a plane crash soon after scoring a Cup winning goal?Bill Barilko
24.9%
Who has scored the most overtime goals?Jaromir Jagr
24.4%
Which American has played the most playoff games?Chris Chelios
23.2%
Who has scored the most powerplay goals?Dave Andreychuk
21.5%
Question Answer % Correct
Who is the heaviest player in NHL history?Dustin Byfuglien
20.8%
Which defenseman won four Hart trophies?Eddie Shore
20.8%
Who is the NHL's all-time leading scorer for surnames starting with the letter U?Norm Ullman
20.6%
Which player famously scored a Cup winning goal with a broken leg?Bobby Baun
20.6%
Which goaltender allowed the fewest goals in a best of seven playoff series?JS Giguere
20.6%
Which team in Quebec City preceded the Nordiques?Quebec Bulldogs
20.2%
Which Hall of Famer was nicknamed 'Le Gros Bill'? Jean Beliveau
20.2%
Who has the record for most consecutive games played?Doug Jarvis
19.5%
Who holds the all-time record for Olympic points?Teemu Selanne
18.8%
Who holds the record for shutouts in a season, with 22?George Hainsworth
17.8%
Who was the first player to play for all three current New York teams?Pat LaFontaine
17.8%
Which all-star defenseman successfully made a transition to all-star center after being traded to Toronto?Red Kelly
17.8%
Who was the first American to captain a team to the Stanley Cup?Derian Hatcher
17.4%
Which team in St. Louis preceded the Blues?St. Louis Eagles
15.6%
Who is the only non-goalie to win the Conn Smythe in a losing effort?Reggie Leach
15%
Who was the first player to win Olympic gold and the Stanley Cup in the same year?Ken Morrow
13%
Who holds the highest goals per game average in a single season?Joe Malone
12.7%
Who is the highest scoring all-time player to never be included on a post season All Star team?Mike Gartner
12.3%
Who was the most recent player to wear #99 before Gretzky?Wilf Paiement
11.4%
Which Lady Byng winner has the most career penalty minutes?Stan Mikita
11.1%
Which player has the most career wins, as a skater?Nicklas Lidstrom
10.6%
Who is the only player to score a shorthanded hat-trick?Theoren Fleury
10.2%
Who has the Colorado Avalanche/Quebec Nordiques all-time scoring record among defensemen?John-Michael Liles
10%
Who was the first American to win the Vezina trophy?Frank Brimsek
7.5%
Who is the latest-drafted player to make the NHL, drafted 291st overall?Jonathan Ericsson
6.6%
Which goalie holds the record for points in one game, with three?Jeff Reese
4%
Who is the shortest player in NHL history?Roy Worters
3.4%
Which goalie was the first to be pulled for the extra attacker?Tiny Thompson
3.2%
Who holds the record for penalty minutes in a single game?Randy Holt
3.2%
Who has the most career goals without a shorthanded goal?Steve Shutt
2.2%
Who scored the first playoff goal in Nashville Predators history?Adam Hall
2.2%
Who was the first Danish player to make the NHL?Poul Popiel
1.6%

You're not logged in!

Compare scores with friends on all Sporcle quizzes.
OR
Log In

From the Vault

Charles Dickens Novels

by Erin

Charles Dickens would probably have a very hard time with Twitter.
Remove Ads.
Support Sporcle.
Get the best of Sporcle when you Go Orange. This ad-free experience offers more features, more stats, and more fun while also helping to support Sporcle. Thank you for becoming a member.

Show Comments

Extras

Top Quizzes Today


Score Distribution

Your Account Isn't Verified!

In order to create a playlist on Sporcle, you need to verify the email address you used during registration. Go to your Sporcle Settings to finish the process.

Report this User

Report this user for behavior that violates our Community Guidelines.

Details: